000 00362nam a2200133 i 4500
001 bg
100 1 _aNAJDUCHOWSKA, Halina
245 0 _aKwalifikacje i drogi zawodowe dyrektorów przedsiębiorstw przemysłowych /
_cH. Najduchowska.
260 _aWarszawa,
_c1984.
040 _cBPK
041 _apol
942 _cKS
008 s pl f |000 0 pol
999 _c28422
_d28422
856 _uhttp://koha.tu.koszalin.pl/cgi-bin/koha/opac-detail.pl?biblionumber=28422
_yKatalog online BPK